[Event "City of Adelaide"]
[Site "Adelaide"]
[Date "1998.08.05"]
[Round "3.1"]
[White "Errington, Luke"]
[Black "Sheldrick, Kevin"]
[Result "0-1"]
[WhiteElo "1461"]
[BlackElo "1801"]
[Annotator "Fritz 5.00 - Anderson-Smith,W"]
[PlyCount "46"]
[EventDate "1998.07.22"]
[EventType "swiss"]
[EventRounds "9"]
[EventCountry "AUS"]

1. b4 e5 2. Bb2 {Sokolski Opening} f6 3. e4 Bxb4 (3... d5 4. exd5 Bxb4 5. Bc4
Bf5 6. Nf3 Ne7 7. Nh4 Bg6 8. Nxg6 hxg6 9. Qf3 Nd7 10. Nc3 a6 11. O-O Nb6 12.
Bb3 Qd7 13. a3 Bxc3 14. dxc3 Qf5 15. Qxf5 gxf5 16. c4 O-O-O 17. a4 Rh4 18. Ba3
{Danielian,E-Vardanian,H/Erevan op 1996/EXP 52/1-0 (37)}) 4. Bc4 Qe7 (4... Ne7
5. Qh5+ Ng6 6. f4 exf4 7. Nf3 Qe7 (7... Nc6 8. Nc3 Bxc3 9. Bxc3 d6 10. Nh4 Nce7
11. Nf5 Kf8 12. O-O Qe8 13. Bxf6 Bxf5 14. exf5 d5 15. fxg6 gxf6 16. Qh6+ Kg8
17. g7 {1-0 Fischer,R-Gloger,J/Cleveland 1964}) 8. Bb3 Nc6 9. Nc3 Bxc3 10. Bxc3
d6 11. Nh4 Bd7 12. Nxg6 Qxe4+ 13. Kf2 Qxg6 14. Rhe1+ Kd8 15. Qd5 Ne5 16. Ba5
Kc8 17. Rab1 Bc6 18. Qe6+ Kb8 19. Bd5 Qxc2 20. Rxe5 Qxb1 21. Re4 Qb5 22. Bxc6
Qc5+ 23. Kf1 Qc1+ 24. Ke2 Qxc6 25. Rc4 Qxg2+ 26. Kd1 b6 27. Qd7 Qf1+ {
0-1 Tawbeh,M-Solomon,S/Novi Sad olm 1990/TD 90\06}) 5. Ne2 d6 6. Ng3 $146 (6.
c3 Bc5 7. Qb3 Nh6 8. d4 Bb6 9. a4 a5 10. Nd2 Bg4 11. O-O Bh5 12. f4 Nd7 13.
fxe5 Nxe5 14. Nf4 Nxc4 15. Qb5+ Qd7 16. Qxh5+ g6 17. Nxg6 Qg4 18. Qxh6 Nxd2 19.
Nxh8 Nxf1 20. Rxf1 O-O-O {Pimmingstorfer,C-Essing,A/NRW-II 1989/BIG 80/1-0 (36)
}) 6... Nh6 7. Qh5+ Nf7 8. Nf5 Bxf5 9. exf5 $17 (9. Qxf5 $5 Nd7 10. O-O $17)
9... c6 10. Be6 Na6 11. O-O O-O 12. f4 Nc7 13. fxe5 dxe5 $17 (13... fxe5 14.
Bb3 Qf6 15. Re1 $19) 14. Bb3 Kh8 15. Nc3 Rad8 16. d3 $2 (16. Rad1 $142 $5 $19)
16... Bxc3 17. Bxc3 Qc5+ 18. Kh1 Qxc3 19. Bxf7 Qxc2 20. Rf3 {
Threatening mate: Qxh7} Rxd3 21. Bb3 (21. Rxd3 Qxd3 22. Rd1 Qe3 $19) 21... Qe2
22. Qxh7+ (22. Rg1 {is one last hope} e4 23. Rh3 Qxh5 24. Rxh5 $19) 22... Kxh7
23. Rh3+ Rxh3 (23... Rxh3 24. Rg1 Rd8 25. Rb1 Rd2 26. Rg1 Qh5 27. Bg8+ Kxg8 28.
Re1 Rxh2+ 29. Kg1 Rh1#) 0-1

[Event "City of Adelaide"]
[Site "Adelaide"]
[Date "1998.08.05"]
[Round "3.2"]
[White "Nothdurft, John"]
[Black "Phan-Koshnitsky, Ngan"]
[Result "0-1"]
[WhiteElo "1527"]
[BlackElo "2000"]
[Annotator "Fritz 5.00 - Anderson-Smith,W"]
[PlyCount "131"]
[EventDate "1998.07.22"]
[EventType "swiss"]
[EventRounds "9"]
[EventCountry "AUS"]

1. d4 Nf6 2. c4 d6 3. Nc3 Nbd7 {Old (Chigorin) Indian Defence} 4. e4 (4. f4 e5
5. e3 Qe7 6. Be2 c6 7. fxe5 dxe5 8. Nf3 Ng4 9. h3 exd4 10. exd4 Ngf6 11. O-O
Qd8 12. Nh4 g6 13. Bd3 Bg7 14. Re1+ Kf8 15. Bf4 Kg8 16. Nf3 h6 17. Kh1 Kh7 18.
Ne5 Nxe5 {Bach,M-Behnk,R/BL2-N 1995/BL2/1-0 (68)}) 4... c6 $146 {
Prevents intrusion on b5+d5} (4... c5 5. d5 g6 6. Be2 Bg7 7. Be3 b5 8. cxb5 a6
9. bxa6 Bxa6 10. Bxa6 Rxa6 11. Nge2 O-O 12. O-O Qa5 13. Qc2 Rb8 14. Rab1 Ne8
15. f4 Nc7 16. f5 Nb5 17. Nxb5 Qxb5 18. fxg6 hxg6 19. b3 {
Trisa Ard,N-Palacios,A/Luzern olm 1982/BIG 80/1/2-1/2 (35)}) 5. Qc2 (5. Nf3 e5
6. Be2 Be7 7. O-O O-O 8. Qc2 (8. Re1 a6 9. a3 b5 10. Bg5 Bb7 11. Bf1 h6 12.
Bxf6 Bxf6 13. d5 cxd5 14. Nxd5 Bxd5 15. cxd5 Qb6 16. g3 Rfc8 17. Bh3 Ra7 18. a4
Rc5 19. b4 {Cramling,P-Espig,L/Novi Sad olm 1990 1-0 (43)}) 8... a6 9. Rd1 Qc7
10. Rb1 b5 11. b4 Bb7 12. h3 exd4 13. Nxd4 Ne5 14. Nf5 Rfe8 15. Bg5 Nxc4 16.
Bxc4 bxc4 17. Bxf6 Bxf6 18. Nxd6 Red8 19. Nxc4 {
Ioseliani,N-Espig,L/Plauen-Bamberg 1997 1-0 (29)}) 5... e5 6. d5 {
White wins space} Be7 7. Be2 O-O 8. Nf3 c5 9. O-O Nh5 10. Ne1 Nf4 11. Nd3 $11 (
11. Bxf4 exf4 12. Nd3 Bg5 $14) 11... Nxe2+ 12. Qxe2 Nb6 13. b3 {Covers a4+c4}
f5 {Nimzovich: attack the chain at its base} 14. f3 f4 {Black gets more space}
15. a4 Bh4 16. Bd2 Rf6 17. Be1 (17. a5 Nd7 $11) 17... Rg6 18. Bxh4 Qxh4 19. Qf2
Qh5 20. Kh1 Bd7 $11 (20... Rh6 21. Qg1 $15) 21. Ra2 $15 (21. a5 Nc8 $11) 21...
Rf8 $11 (21... Rh6 22. Qg1 a5 23. Re1 $15) 22. Ne1 (22. a5 Nc8 $11) 22... Rff6
23. Ne2 (23. a5 Rh6 24. Qg1 Nc8 $15) 23... Na8 (23... Rh6 24. g4 fxg3 25. Nxg3
$15) 24. Ng1 $17 (24. a5 Nc7 $11) 24... Rg3 25. Ne2 Rh6 {
The mate threat is Qxh2} 26. Qg1 Rg5 27. g4 fxg3 28. Nxg3 Qh4 $11 (28... Qg6 $5
29. Rg2 Bh3 $17) 29. Rg2 Rgg6 30. Ne2 $15 (30. f4 $5 exf4 31. Nf5 Bxf5 32. exf5
Rxg2 33. Nxg2 $11) 30... Bh3 31. Rxg6 {Do you see the mate threat?} Rxg6 32.
Qf2 Qh6 33. Rg1 Rf6 34. Qg3 Nc7 35. Nd3 Rg6 $15 (35... Bd7 36. f4 Rg6 37. Qf2
Rxg1+ 38. Kxg1 exf4 39. Qxf4 Qg6+ 40. Ng3 $15) 36. Qf2 Rxg1+ 37. Nxg1 Bd7 $11 (
37... Ne8 38. b4 b6 39. Nxh3 Qxh3 40. b5 $11) 38. f4 $15 (38. Nxe5 $5 dxe5 39.
Qxc5 $14) 38... exf4 39. Nxf4 Ne8 40. Nd3 $17 (40. e5 dxe5 41. Nd3 Qf6 42. Qxf6
gxf6 43. Nxc5 Bf5 $15) 40... Qg6 41. Qg2 Qf6 42. Qf3 (42. e5 dxe5 43. Nxc5 Bf5
$15) 42... b6 43. Qxf6 Nxf6 44. Nf2 Ng4 45. Kg2 Ne3+ 46. Kf3 $17 (46. Kh1 Kf7
$15) 46... Nc2 $15 (46... Nf1 47. Ke2 Nxh2 48. Nd3 $17) 47. Ne2 Kf7 48. Kf4 Kf6
49. Nd3 $17 (49. h4 g6 $15) 49... g5+ 50. Kf3 h5 51. Kf2 Bg4 $11 (51... Na1 52.
Ng3 $17) 52. Nc3 a6 53. Kg3 $15 (53. e5+ dxe5 54. Ne4+ Kf5 55. Ng3+ Kf6 $11)
53... Nd4 54. Nc1 $17 (54. e5+ $5 dxe5 55. Ne4+ Kf5 56. Nd6+ Kf6 57. Ne4+ Kf5
58. Nd6+ Kf6 59. Ne4+ $11) 54... Bf3 55. Kf2 g4 56. Kg3 Kg5 57. Nd3 h4+ 58. Kf2
Kf6 59. Nc1 $17 (59. b4 $5 {is an interesting alternative} g3+ 60. hxg3 $11)
59... a5 60. Kg1 (60. Nd3 Nxb3 61. Ke3 Nd4 $17) 60... g3 61. hxg3 hxg3 62. Kf1
Kg5 63. Nd3 Kh4 $17 (63... Nxb3 $142 $5 64. e5 Nd2+ 65. Kg1 Nxc4 $19) 64. e5
dxe5 $15 (64... Kh3 65. Nf4+ Kh2 66. exd6 $15) 65. Nxe5 Kh3 66. Kg1 $4 $19 {
another bit of territory lost} (66. Nxf3 $142 Nxf3 67. Ne2 $17) 0-1

[Event "City of Adelaide"]
[Site "Adelaide"]
[Date "1998.08.05"]
[Round "3.3"]
[White "Kramer, Warren"]
[Black "Hunter, Daniel M"]
[Result "0-1"]
[WhiteElo "1323"]
[BlackElo "1633"]
[Annotator "Fritz 5.00 - Anderson-Smith,W"]
[PlyCount "94"]
[EventDate "1998.07.22"]
[EventType "swiss"]
[EventRounds "9"]
[EventCountry "AUS"]

1. d4 d5 2. c4 dxc4 {Queen's Gambit Accepted} 3. Nc3 Nc6 (3... c6 4. e4 b5 5.
a4 e5 (5... b4 6. Nb1 Ba6 7. Nf3 Nf6 8. e5 Nd5 9. Ng5 h6 10. Qh5 hxg5 11. Qxh8
Nf4 12. Be3 Qd5 13. f3 Ne6 14. Nd2 Nxd4 15. O-O-O c3 16. Nc4 Bxc4 17. Rxd4 Qxe5
18. Qxf8+ {1-0 Ward,C-Summerscale,A/ BCF-ch Nottingham 1996}) 6. Be3 b4 7. Nb1
Ba6 8. Nf3 $6 exd4 9. Qxd4 Qxd4 10. Nxd4 Nf6 11. f3 Nfd7 12. Nd2 c3 $1 13. bxc3
bxc3 14. Nb1 Nb6 15. Bxa6 Nxa6 16. Ke2 Nc4 17. Bf2 $2 (17. Nxc3 Nxe3 18. Kxe3
Bc5 19. Nce2 $11 {(Hertneck)}) 17... Rb8 $17 18. Bg3 Rb2+ 19. Kd3 Na5 20. Nc2
Nb4+ 21. Nxb4 Bxb4 22. Nxc3 Ke7 23. Bc7 Rc8 24. Bxa5 Bxa5 25. Rab1 Rxg2 26.
Rb7+ Rc7 27. Rxc7+ Bxc7 28. h3 Rf2 {0-1 Knaak,R-Lautier,J/Baden Baden 1992}) 4.
e3 Nf6 (4... e5 5. d5 (5. Nf3 exd4 6. exd4 Bb4 7. Bxc4 Qe7+ 8. Be3 Nf6 9. O-O
O-O 10. Bg5 Bxc3 11. bxc3 Bg4 12. Qd3 Qe4 {
1/2-1/2 Matveeva,S-Miladinovic,I/Ano Liosia op 1996/EXP 51}) 5... Nce7 6. Bxc4
Ng6 7. Bb5+ Bd7 8. Qb3 Rb8 9. Nge2 Nf6 10. O-O Bc5 11. Bxd7+ Qxd7 12. Bd2 O-O
13. Rad1 b5 14. Qc2 b4 15. Na4 Bd6 16. Bc1 e4 17. Ng3 Rfe8 18. Nc5 Qe7 19. Nb3
{Christiansen,L-Morozevich,A/New York PCA 1995/EXP 47/1/2-1/2 (56)}) 5. Bxc4 e6
6. Nf3 a6 $146 {Covers b5} (6... Bb4 7. Bd2 O-O 8. O-O Re8 9. Rc1 a6 10. a3 Bd6
11. Qc2 e5 12. Ng5 Rf8 13. d5 Ne7 14. b4 g6 15. e4 Bd7 16. Ne2 c5 17. Bd3 Rc8
18. Qb3 cxb4 19. Rxc8 Nxc8 20. axb4 Qb6 21. h3 {
Landenberger,A-Voigt,J/Klinge girls 1993/GER 04/1-0 (48)}) 7. O-O b5 8. Bd3 Nb4
9. Bb1 Bb7 10. a3 Nbd5 11. Ne2 Nb6 12. Ng3 Bd6 (12... c5 13. Qe2 $15) 13. e4
$17 (13. Qe2 $142 $5 $11 {is noteworthy}) 13... Bxg3 14. e5 Bxh2+ 15. Nxh2 Nfd5
16. Qg4 g6 17. Be4 Qd7 18. Qf3 O-O-O (18... Ra7 19. Bh6 $15) 19. Bg5 Rde8 20.
Ng4 c6 $14 {Consolidates d5} (20... Kb8 $5 $11 {
should be investigated more closely}) 21. Rac1 Kb8 22. Rfd1 Rc8 23. Nf6 {
A beautiful square!} Nxf6 24. exf6 $15 (24. Bxf6 Rhe8 $11) 24... Nd5 $11 {
A sound move} (24... h6 25. Bxh6 Nc4 26. Bf4+ Ka8 27. Rc2 $11) 25. Qg3+ $15 (
25. Bh6 Rhe8 $11) 25... Ka7 26. Rc5 {An ideal square for the white rook.} h6
27. Bxd5 exd5 28. Bf4 Qf5 $15 (28... g5 29. Bd6 $17) 29. Be5 {
'the bishop is the bishop!'} g5 30. Rdc1 (30. a4 h5 $15) 30... h5 {
Black launches an attack} 31. Qc3 h4 {Black gains space} 32. Qc2 Qd7 33. f4 $19
(33. a4 $142 $5 $17) 33... gxf4 34. a4 $2 (34. Rc3 $142 $19) 34... h3 35. axb5
(35. g3 fxg3 36. Rc3 $19) 35... Qg4 $15 (35... hxg2 36. Rc3 Rh1+ 37. Kxg2 Rch8
38. b6+ Ka8 $19) 36. bxc6 {He broke from his leash} Bxc6 37. Qf2 $4 $19 {
Attacking the isolated pawn on f4} (37. Ra1 Qxg2+ 38. Qxg2 hxg2 39. Kxg2 Rcg8+
40. Kf3 Rh3+ 41. Kxf4 $11) 37... hxg2 {Threatening mate... how?} 38. Qxg2 {
Black gets strong play along the open g-file.} Qd7 $17 (38... Qh4 39. Rxc6 Rxc6
$19) 39. Kf2 $4 $19 {causes further problems for ?} (39. Bxf4 $142 Rhg8 40. Bg3
$17) 39... Rcg8 {Threatening mate: Rxg2} 40. Qxg8 (40. Qf1 Rh2+ 41. Ke1 Qf5 $19
) 40... Rxg8 {Do you see the mate threat?} 41. Rxc6 Qg4 {Threatening mate: Qg3}
42. Rc7+ Kb6 43. R1c6+ (43. R7c6+ {hoping against hope} Kb7 44. Rc7+ Ka8 45.
Rc8+ Rxc8 46. Rxc8+ Qxc8 47. Kf3 $19) 43... Ka5 {The mate threat is Qg1} 44.
b4+ Ka4 45. Rxa6+ Kb3 46. Rb6 (46. Ra3+ {hardly improves anything} Kxa3 47.
Ra7+ Kb3 48. Ra3+ Kxa3 49. b5 Qg1+ 50. Ke2 Rg2+ 51. Kf3 Qf2#) 46... Qg3+ 47.
Ke2 (47. Kf1 {does not help much} Qf3+ 48. Ke1 Rg1+ 49. Kd2 Qe3#) 47... Qe3+ (
47... Qe3+ 48. Kd1 Rg1#) 0-1

[Event "City of Adelaide"]
[Site "Adelaide"]
[Date "1998.08.05"]
[Round "3.5"]
[White "Amini, Amir"]
[Black "Errington, James"]
[Result "0-1"]
[WhiteElo "1412"]
[BlackElo "1323"]
[Annotator "Fritz 5.00 - Anderson-Smith,W"]
[PlyCount "46"]
[EventDate "1998.07.22"]
[EventType "swiss"]
[EventRounds "9"]
[EventCountry "AUS"]

1. e4 d5 {Scandinavian (Centre Counter) Defence} 2. exd5 Qxd5 (2... Nf6 3. d4
Nxd5 4. Nf3 g6 (4... Bg4 5. Be2 e6 6. O-O Nc6 7. h3 Bh5 8. c4 Nb6 9. Nc3 Be7
10. c5 Nd5 11. Qb3 O-O 12. Qxb7 Ndb4 13. Bf4 Bxf3 14. Bxf3 Qxd4 15. Bxc7 Qxc5
16. a3 Nc2 17. Ne4 Qf5 18. Qxc6 Nxa1 19. Rxa1 Rac8 20. Qd7 Rfe8 21. Rd1 Qg6 22.
b4 f5 23. Ng3 {1-0 Tseshkovsky,V-Dautov,R/Sverdlovsk 1989/TD 89\09}) 5. c4 Nb6
6. Nc3 Bg4 7. c5 Nd5 8. Qb3 Nxc3 9. bxc3 Bxf3 10. gxf3 b6 11. Bc4 e6 12. O-O
Bg7 13. Qa4+ Nd7 14. Bb5 a6 15. Bc6 b5 16. Qa5 Rb8 17. Bf4 e5 18. dxe5 g5 19.
Bg3 O-O 20. Rad1 {1-0 Svidler,P-Berend,F/EUCup Vilnius 1995/EXP 50}) 3. Nc3 Qa5
4. d4 Nf6 5. Bd2 (5. Nf3 c6 (5... Bg4 6. h3 Bh5 7. g4 Bg6 8. Ne5 e6 9. h4 Bb4
10. Rh3 Bxc3+ 11. bxc3 Nbd7 12. Nxg6 hxg6 13. Rb1 O-O-O 14. Rb5 Qa4 15. Rb3 Qc6
16. g5 Ne8 17. Qg4 Nb6 18. Bg2 Qc4 19. Re3 Nd6 20. Re5 Kb8 21. Ra5 Nf5 22. Rc5
Qa4 23. Bf4 Rd7 24. c4 Qxa2 25. Rcb5 Nxd4 26. Rb2 Qxc4 {
0-1 Lobron,E-Rogers,I/Biel 1984/MCL 02}) 6. Bc4 Bg4 7. h3 Bh5 8. g4 Bg6 9. Bd2
e6 10. Nd5 Qd8 11. Nxf6+ gxf6 12. Bb3 h5 13. g5 a5 14. a4 h4 15. Qe2 Na6 16.
O-O-O Nc7 17. Rhg1 Bh5 18. Rde1 Bb4 19. c3 Bd6 20. g6 Bxg6 21. Bxe6 Kf8 22. d5
Qe8 23. Qc4 fxe6 24. dxe6 Ke7 25. Nxh4 Rxh4 26. Qxh4 Nxe6 27. f4 Kd7 28. Qxf6
Bd3 29. f5 Bc4 30. fxe6+ Kc7 31. Bf4 Rd8 32. Bxd6+ Rxd6 33. Qf4 {
1-0 Bologan,V-Rogers,I/Bl9596 1996/BL 90}) 5... c6 6. Bc4 Bf5 7. Nd5 Qd8 8.
Nxf6+ exf6 9. Nf3 $146 (9. Bf4 Bd6 10. Qe2+ Kf8 11. Bxd6+ Qxd6 12. Qd2 b5 13.
Bb3 Nd7 14. a4 h5 15. Ne2 h4 16. axb5 cxb5 17. Ra5 a6 18. O-O g6 19. Qf4 Qb4
20. Ra3 Kg7 21. Nc3 Qf8 22. Nd5 h3 23. Ne3 Be6 24. Bxe6 fxe6 25. Rfa1 Qb8 26.
Qxb8 Nxb8 27. Ra5 Nc6 28. Rxa6 Rxa6 29. Rxa6 Nxd4 30. c3 Ne2+ 31. Kf1 hxg2+ 32.
Nxg2 Rxh2 33. Kxe2 Rxg2 34. Rxe6 {
1/2-1/2 Watson,W-Christiansen,L/BL9596 1996/BL 90}) 9... Qe7+ 10. Be2 Qe4 11.
c3 {Controls b4} Bd6 12. O-O O-O 13. Re1 Bg4 14. Qb3 Nd7 (14... b6 15. h3 Be6
16. c4 $16) 15. h3 Bxh3 $18 {Black terminates the opponent with strong threats}
(15... Be6 $5 16. c4 b5 $16) 16. gxh3 Qf5 17. h4 $4 $11 {
gives the opponent counterplay} (17. Kg2 $142 {
White would have gained the upper hand} Qg6+ 18. Kf1 $18) 17... Qh3 $16 (17...
Qg4+ $142 $5 {looks like a viable alternative} 18. Kh1 Qh3+ 19. Kg1 Rae8 $11)
18. Bd1 (18. Qxb7 $6 Qg4+ 19. Kh1 Qh3+ 20. Kg1 Qg4+ 21. Kf1 Qh3+ 22. Kg1 $11)
18... Rfe8 19. Rxe8+ $11 (19. Re3 Qg4+ 20. Kf1 Qh3+ 21. Ke2 Bf4 $16) 19... Rxe8
20. Be3 $4 $19 {releasing the pressure on the opponent} (20. Qc2 $142 $11 {
would be a reprieve}) 20... Re4 $1 {the final blow. The mate threat is Rg4} 21.
Ne1 (21. Bf4 {no good, but what else?} Rxf4 22. Ng5 fxg5 23. c4 Qxh4 24. Qg3
Qxg3+ 25. fxg3 Rxd4 26. Be2 $19) 21... Bh2+ 22. Kh1 Rxe3 $19 (22... Qf1+ 23.
Kxh2 Rxh4+ 24. Kg3 Qh3#) 23. fxe3 Bg3+ $11 (23... Bg3+ 24. Kg1 Qh2+ 25. Kf1
Qf2#) (23... Bf4+ $1 24. Kg1 Bxe3#) 0-1

[Event "City of Adelaide"]
[Site "Adelaide"]
[Date "1998.08.05"]
[Round "3.7"]
[White "Brown, Cyril D"]
[Black "Yang, Song"]
[Result "0-1"]
[WhiteElo "1248"]
[BlackElo "1329"]
[Annotator "Fritz 5.00 - Anderson-Smith,W"]
[PlyCount "87"]
[EventDate "1998.07.22"]
[EventType "swiss"]
[EventRounds "9"]
[EventCountry "AUS"]

1. e4 c5 2. d3 d6 (2... Nc6 3. g3 g6 4. Bg2 Bg7 5. Nc3 d6 6. f4 e6 7. Nf3 Nge7
8. O-O O-O 9. Be3 Nd4 10. e5 (10. Rb1 Rb8 11. Ne2 Nxf3+ 12. Bxf3 b6 13. a3 Bb7
14. b4 Qc7 15. b5 d5 16. c4 dxc4 17. dxc4 Rbd8 18. Qc2 Rd7 19. Rbd1 Rfd8 20.
Kf2 Nc8 21. e5 Bxf3 22. Kxf3 Qb7+ 23. Kf2 Ne7 24. Nc3 Nf5 25. Rxd7 Rxd7 26. Ne4
h5 27. a4 g5 28. Nxg5 Qg2+ {0-1 Shaw,J-Arakhamia,K/ London Lloyds 1993}) 10...
Bd7 11. Ne4 Nef5 12. Bf2 Nxf3+ 13. Bxf3 Bc6 14. c3 h5 15. exd6 b6 16. Nf6+ Bxf6
17. Bxc6 Rc8 18. Bb7 Rb8 19. Be4 Qxd6 20. Qa4 Qc7 21. Qa6 b5 22. Rac1 Rfc8 23.
Rfe1 Rd8 24. b4 $13 {Sale,S-Sadler,M/Cannes op 1995 0-1 (40)}) 3. Nd2 $146 (3.
g3 Nf6 (3... g6 4. Bg2 Bg7 5. Nd2 Nc6 6. Ne2 e5 7. O-O Nge7 8. f4 O-O 9. c3 Rb8
10. Nc4 f5 11. a4 Be6 12. Ne3 Qd7 13. Nd5 Kh8 14. Be3 fxe4 15. Nxe7 Qxe7 16.
dxe4 Rbd8 17. b3 Bg4 18. Rc1 Na5 19. Rf2 Qd7 20. Qc2 c4 21. b4 Nb3 22. Rcf1
Qxa4 23. Nc1 exf4 24. gxf4 Qa1 25. Na2 {
1-0 Kaulfuss,H-Lutz,K/Hessen-ch 1989/GER 02}) 4. Bg2 e6 (4... Nc6 5. h3 g6 6.
Ne2 Bg7 7. O-O O-O 8. c3 d5 9. Qc2 e6 10. Nd2 b6 11. Nf3 dxe4 12. dxe4 Bb7 13.
Bf4 Qe7 14. Nh2 Rfd8 15. Rad1 Rxd1 16. Rxd1 Rd8 17. Rd2 Rxd2 18. Qxd2 Qd7 19.
e5 Qxd2 20. Bxd2 Nd5 21. f4 h5 22. Kf2 Bh6 23. Be4 Ba6 24. Nf3 Nce7 25. b3 Kf8
26. c4 Nc7 27. a4 Bc8 28. a5 Bd7 29. b4 cxb4 30. axb6 axb6 31. Bxb4 Ke8 32.
Ned4 Na6 33. Ba3 Ba4 34. Nb5 Kd7 35. Nd6 f5 36. exf6 Nf5 37. Nf7 h4 38. Bxf5
hxg3+ 39. Kxg3 Bxf4+ {1-0 Oberst,T-Tobor,D/Balatonbereny op 1995/EXP 49}) (4...
g6 5. f4 Bg7 6. Nf3 e6 7. O-O O-O 8. c3 Nc6 9. h3 b5 10. Be3 Bb7 11. g4 b4 12.
f5 exf5 13. gxf5 Qd7 14. Nh4 Ne5 15. Bg5 Ba6 16. c4 Rae8 17. a3 Bc8 18. axb4
cxb4 19. b3 Nc6 20. Be3 Nxe4 21. d4 Nc3 22. Nxc3 Rxe3 23. Nd5 Ree8 24. f6 Bh6
25. Kh1 Qd8 26. Nf3 Bf5 27. Ra6 Qd7 28. Rxc6 Qxc6 29. Ne7+ Rxe7 30. fxe7 {
0-1 Thi An H Nga Tran-Calotescu,C/Disney Girls U14 1996}) 5. Ne2 Be7 6. O-O Nc6
7. Nd2 O-O 8. Nf3 Qc7 9. Bg5 e5 10. Nc3 Be6 11. Qd2 Rfd8 12. Bxf6 Bxf6 13. Ng5
Bxg5 14. Qxg5 Nd4 15. Qd2 Qe7 16. Rac1 Qf6 17. f3 Rac8 18. Nd5 Bxd5 19. exd5 c4
20. c3 Nf5 21. f4 Re8 22. Be4 Rc5 23. Rce1 g6 24. fxe5 dxe5 25. g4 {
1-0 Garcia,A-Mendes,I/Dubai olw 1986/TD 86\02}) (3. Nc3 Nc6 4. Nf3 g6 5. Be2
Bg7 6. Bd2 Nf6 7. O-O O-O 8. Bf4 e5 9. Bg5 Be6 10. Bxf6 Bxf6 11. Nd5 Bxd5 12.
exd5 Ne7 13. c3 Nxd5 14. d4 e4 15. Nd2 cxd4 16. Nxe4 Re8 17. Nxf6+ Qxf6 18. Bc4
Nf4 19. cxd4 Qg5 20. g3 Nh3+ 21. Kg2 Nf4+ 22. Kg1 Ne6 23. Re1 Qf6 24. Qg4 Nxd4
25. Rad1 Rxe1+ 26. Rxe1 Nf3+ 27. Kg2 Nxe1+ 28. Kf1 Nc2 29. Bd5 Ne3+ {
0-1 Heinrich,S-Boenisch,A/RLPF-chJW U17 1988/GER 05}) 3... Nc6 4. h3 {
Controls g4} a6 5. Ngf3 Nf6 6. g3 e5 7. Bg2 {The game has become a King's
Indian Attack with h3 interposed (may be better held off until the Bishop goes
to g4).} Be7 8. O-O Qc7 9. Re1 Bd7 10. Nf1 O-O 11. Bg5 Rfc8 12. Ne3 Be6 13. a3
{Covers b4} Nd4 $14 (13... Qd7 14. Nh4 $11) 14. Nd2 Rab8 15. c3 Nc6 16. Nf3 $11
(16. Bxf6 Bxf6 17. Nd5 Qd8 $14) 16... b5 17. b4 (17. Bxf6 Bxf6 18. Nd5 Qd8 $11)
17... a5 18. bxc5 $15 (18. bxa5 Qxa5 19. Qd2 h6 20. Bxf6 Bxf6 $15 (20... gxf6
$143 21. Nh4 $16)) 18... dxc5 19. Qd2 b4 {Black gains space} 20. axb4 cxb4 21.
Bxf6 $17 (21. c4 Ne8 $15) 21... Bxf6 (21... gxf6 $6 22. Nd5 bxc3 23. Qxc3 $11 (
23. Nxc3 $143 Nd4 24. Nxd4 exd4 $17 (24... Qxc3 25. Qxc3 Rxc3 26. Nxe6 $15)))
22. cxb4 Rxb4 $14 {The black rook on an outpost. .} (22... axb4 $142 23. Nd5
Qd8 $15) 23. Rec1 $15 (23. Nd5 $142 $5 {is worth looking at} Bxd5 24. exd5 $14)
23... Qd7 $11 (23... Qd8 24. Ra3 $15) 24. Ng4 $17 (24. Rxa5 $142 $1 {
and White could well hope to play on} Rcb8 25. Rac5 $14) 24... Bxg4 25. hxg4
Rb3 26. Bf1 Qxg4 27. Be2 $19 (27. Rc5 Rbb8 $17 (27... Qxf3 $6 28. Be2 Bg5 29.
Qc2 $16 (29. Bxf3 $4 {going for material but overlooking...} Bxd2 30. Kf1 Rxd3
$19))) 27... Qd7 28. Qc2 Rbb8 29. Qa4 Rb2 30. Qd1 Be7 (30... Rcb8 31. Rc2 $19)
31. Nd2 Qb7 32. Nc4 Rb5 33. Qc2 $2 (33. Nxa5 $142 Nxa5 34. Rxc8+ Qxc8 35. d4
$17) 33... Nd4 34. Qd1 Nb3 35. Rcb1 Nxa1 36. Rxb5 Qxb5 37. Qxa1 Rc5 38. Qa2 Qb4
39. Kg2 a4 40. Ne3 (40. Bd1 {otherwise it's curtains at once} a3 41. Bb3 $19)
40... Qb3 41. Qa1 (41. Qxb3 {a fruitless try to alter the course of the game}
axb3 42. Nc4 b2 43. Nxb2 Rc2 $19) 41... a3 42. Nc4 (42. d4 {
does not solve anything} exd4 43. Nd5 Bf8 44. Qxd4 a2 $19) 42... a2 $1 {
finishing him off} 43. Nd2 Qc2 44. Qd1 0-1